000
00315nam a2200121Ia 4500
008
200103s9999||||xx |||||||||||||| ||und||
040
_a
IMU-MPC
082
_a
Column-12
100
_a
Callendar, G.S. and Egerton, A.C.
245
4
_a
The 1939 Callendar Steam Tables
260
_b
Edward Arnold & Co.
_c
1949
942
_c
BK
999
_c
5129
_d
5129